000 00909nam a22002177a 4500
999 _c11055
_d11055
003 AR-CdUCM
008 190402b ||||| |||| 00| 0 spa d
040 _aMUNICIPALIDAD PROVINCIAL DEL CUSCO
_cBIBLIOTECA MUNICIPAL DEL CUSCO
082 _a344 /
_bJ53 / 1945
100 _aJiménez de Asúa, Luis,
_99133
245 _aLa ley y el delito :
_bprincipios de derecho penal /
260 _aCaracas :
_bAndres Bello,
_c1945..
300 _a717 paginas ;
_c22 cm.
505 _aContenido : Concepto del derecho penal -- Derecho publico -- Contenido, método y sistema -- Evolución histórica -- Orígenes del derecho penal liberal -- Fundamentos del derecho de penar-escuela clásica -- La escuela positiva...
650 _aDelitos
_912134
650 _aDerecho procesal
_98073
650 _aDerecho penal autoritario
_928189
650 _aSistema jurídico
_94295
942 _2ddc
_cLIBROS
945 _awnts